书目信息 |
| 题名: |
台湾光复初期闽台关系研究
|
|
| 作者: | 刘凌斌 著 | |
| 分册: | ||
| 出版信息: | 福州 福建教育出版社 2018 |
|
| 页数: | 189页 | |
| 开本: | 24cm | |
| 丛书名: | 新视野下的闽台关系研究丛书 | |
| 单 册: | ||
| 中图分类: | K295.7 , K295.8 | |
| 科图分类: | ||
| 主题词: | ||
| 电子资源: | ||
| ISBN: | 978-7-5334-8021-9 | |
| 000 | 01249oam2 2200289 450 | |
| 001 | 012001000262 | |
| 005 | 20140920091301.0 | |
| 010 | @a978-7-5334-8021-9@dCNY34.00 | |
| 100 | @a20180513d2018 em y0chiy50 ea | |
| 101 | 0 | @achi |
| 102 | @aCN@b350000 | |
| 105 | @ay z 000yy | |
| 106 | @ar | |
| 200 | 1 | @a台湾光复初期闽台关系研究@9Tai Wan Guang Fu Chu Qi Min Tai Guan Xi Yan Jiu@e1945-1949@f刘凌斌著 |
| 210 | @a福州@c福建教育出版社@d2018 | |
| 215 | @a189页@d24cm | |
| 225 | 1 | @a新视野下的闽台关系研究丛书@f谢必震, 吴巍巍主编 |
| 300 | @a教育部人文社会科学重点研究基地 福建师范大学闽台区域研究中心成果 福建师范大学两岸文化发展研究中心资助出版 | |
| 330 | @a本书在回顾台湾光复以前闽台关系发展的前提下,重点论述了光复时期闽台之间在人事、经济贸易、文化教育及其他民间交流方面的关系,详细考察台湾光复初期闽台关系的恢复和发展情形及交流交往的密切程度,分析这一时期闽台关系的特点和对两地社会经济发展的影响,并对之做出客观的历史评价。 | |
| 461 | 0 | @12001 @a新视野下的闽台关系研究丛书 |
| 607 | @a福建@x地方史@x研究@z1945-1949 | |
| 607 | @a台湾@x地方史@x研究@z1945-1949 | |
| 690 | @aK295.7@v5 | |
| 690 | @aK295.8@v5 | |
| 701 | 0 | @a刘凌斌@9Liu Ling Bin@f(1982-)@4著 |
| 801 | 0 | @aCN@b上海新华@c20180901 |
| 905 | @b1041298-02@dK295.7@e368@f5 | |
| 台湾光复初期闽台关系研究:1945-1949/刘凌斌著.-福州:福建教育出版社,2018 |
| 189页;24cm.-(新视野下的闽台关系研究丛书/谢必震, 吴巍巍主编) |
| 教育部人文社会科学重点研究基地 福建师范大学闽台区域研究中心成果 福建师范大学两岸文化发展研究中心资助出版 |
| ISBN 978-7-5334-8021-9:CNY34.00 |
| 本书在回顾台湾光复以前闽台关系发展的前提下,重点论述了光复时期闽台之间在人事、经济贸易、文化教育及其他民间交流方面的关系,详细考察台湾光复初期闽台关系的恢复和发展情形及交流交往的密切程度,分析这一时期闽台关系的特点和对两地社会经济发展的影响,并对之做出客观的历史评价。 |
| ● |
| 相关链接 |
|
|
|
|
正题名:台湾光复初期闽台关系研究
索取号:K295.7/368
 
预约/预借
| 序号 | 登录号 | 条形码 | 馆藏地/架位号 | 状态 | 备注 |
| 1 | 1041298 | 210412980 | 第二样本阅览室/ [索取号:K295.7/368] | 在馆 | |
| 2 | 1041299 | 210412999 | 第二借阅区/ [索取号:K295.7/368] | 在馆 | |
| 3 | 1041300 | 210413006 | 第二借阅区/ [索取号:K295.7/368] | 在馆 | |
| 4 | 1041301 | 210413015 | 密集书库-史法系/ [索取号:K295.7/368] | 在馆 | |
| 5 | 1041302 | 210413024 | 第二借阅区/ [索取号:K295.7/368] | 在馆 |